Color mixing guide : acrylics: (Record no. 482)
[ view plain ]
| 000 -LEADER | |
|---|---|
| fixed length control field | 01090nam a22003137a 4500 |
| 001 - CONTROL NUMBER | |
| control field | 16175567 |
| 005 - DATE AND TIME OF LATEST TRANSACTION | |
| control field | 20230711063036.0 |
| 008 - FIXED-LENGTH DATA ELEMENTS--GENERAL INFORMATION | |
| fixed length control field | 230711b |||||||| |||| 00| 0 eng d |
| 010 ## - LIBRARY OF CONGRESS CONTROL NUMBER | |
| LC control number | 2010926315 |
| 020 ## - INTERNATIONAL STANDARD BOOK NUMBER | |
| International Standard Book Number | 9781844482276 |
| 020 ## - INTERNATIONAL STANDARD BOOK NUMBER | |
| International Standard Book Number | 1844482278 |
| 035 ## - SYSTEM CONTROL NUMBER | |
| System control number | (OCoLC)ocn606761974 |
| 040 ## - CATALOGING SOURCE | |
| Original cataloging agency | BTCTA |
| Language of cataloging | eng |
| Transcribing agency | KMU |
| Modifying agency | KMU |
| Description conventions | rda |
| 042 ## - AUTHENTICATION CODE | |
| Authentication code | lccopycat |
| 050 ## - LIBRARY OF CONGRESS CALL NUMBER | |
| Classification number | ND 1535 |
| 100 1# - MAIN ENTRY--PERSONAL NAME | |
| Personal name | Barber, John, |
| Dates associated with a name | 1932- |
| 245 10 - TITLE STATEMENT | |
| Title | Color mixing guide : acrylics: |
| Remainder of title | a visual reference on mixing acrylics colour/ |
| Statement of responsibility, etc. | John Barber. |
| 250 ## - EDITION STATEMENT | |
| Edition statement | 1st ed. for the U.S., its territories and possessions and Canada. |
| 260 ## - PUBLICATION, DISTRIBUTION, ETC. | |
| Place of publication, distribution, etc. | Great Britain : |
| Name of publisher, distributor, etc. | Search Press Limited, |
| Date of publication, distribution, etc. | 2007. |
| 300 ## - PHYSICAL DESCRIPTION | |
| Extent | 63 p. : |
| Other physical details | col. ill. ; |
| Dimensions | 19 cm. |
| 500 ## - GENERAL NOTE | |
| General note | Includes index. |
| 650 #0 - SUBJECT ADDED ENTRY--TOPICAL TERM | |
| Topical term or geographic name entry element | Painting |
| General subdivision | Technique |
| Form subdivision | Handbooks, manuals, etc. |
| 650 #0 - SUBJECT ADDED ENTRY--TOPICAL TERM | |
| Topical term or geographic name entry element | Color in art. |
| 856 42 - ELECTRONIC LOCATION AND ACCESS | |
| Materials specified | Publisher description |
| Uniform Resource Identifier | <a href="http://www.loc.gov/catdir/enhancements/fy1008/2010926315-d.html">http://www.loc.gov/catdir/enhancements/fy1008/2010926315-d.html</a> |
| 906 ## - LOCAL DATA ELEMENT F, LDF (RLIN) | |
| a | 0 |
| b | ibc |
| c | copycat |
| d | 2 |
| e | ncip |
| f | 20 |
| g | y-gencatlg |
| 942 ## - ADDED ENTRY ELEMENTS (KOHA) | |
| Source of classification or shelving scheme | Library of Congress Classification |
| Koha item type | Non-Fiction |
| Suppress in OPAC | No |
| Withdrawn status | Lost status | Source of classification or shelving scheme | Damaged status | Not for loan | Collection | Home library | Current library | Shelving location | Date acquired | Source of acquisition | Total Checkouts | Full call number | Barcode | Date last seen | Price effective from | Koha item type |
|---|---|---|---|---|---|---|---|---|---|---|---|---|---|---|---|---|
| Library of Congress Classification | Non-fiction | Kapasa Makasa University | Kapasa Makasa University | Open Access | 11.07.2023 | Zambia Library Service | ND 1535 Bar | 300410 | 11.07.2023 | 11.07.2023 | Non-Fiction |